000 00893nam a22003370a 4500
001 PT28356
003 AR-LpoUNG
005 20210131233427.0
008 191001s2006||||ag |||||||||||||||||spa d
020 _a9875740985
_c$11
040 _aAR-LpoUNG
_bspa
_cAR-LpoUNG
_eaacr
041 _aspa
044 _aag
082 0 _a982.04 682con
100 1 _aRock, David
245 1 3 _aLa construcción del Estado y los movimientos políticos en la Argentina :
_b1860-1916
250 _a1ra ed.
260 _aBuenos Aires :
_bPrometeo,
_c2006.
300 _a369 p. :
_bmapas
650 4 _aANALISIS HISTORICO
650 4 _aARGENTINA
650 4 _aCAMBIO SOCIAL
650 4 _aCLASES SOCIALES
650 4 _aHISTORIA POLITICA
650 4 _aPARTICIPACION POLITICA
651 4 _aArgentina
653 _aINSERCION
700 1 _aUriarte, Paco
_etr.
905 _a28356
942 _cLSALA
999 _c20563
_d20563